000 01404nam a2200337 a 4500
001 ebr10588188
003 CaPaEBR
006 m u
007 cr cn|||||||||
008 790709s1978 ne a sb 101 0 eng d
020 _z0202900665 (AVC Inc.)
020 _z9027977208 (Mouton)
020 _z9789027977205
020 _z9783110807721 (e-book)
040 _aCaPaEBR
_cCaPaEBR
035 _a(OCoLC)811372386
050 1 4 _aGR10
_b.V37 1978eb
245 0 0 _aVaria folklorica
_h[electronic resource] /
_ceditor, Alan Dundes.
260 _aThe Hague :
_bMouton Publishers,
_cc1978.
300 _axii, 277 p. :
_bwith ill.
440 0 _aWorld anthropology
500 _aPapers prepared for the 9th International Congress of Anthropological and Ethnological Sciences, Chicago, 1973.
504 _aIncludes bibliographies and indexes.
533 _aElectronic reproduction.
_bPalo Alto, Calif. :
_cebrary,
_d2011.
_nAvailable via World Wide Web.
_nAccess may be limited to ebrary affiliated libraries.
650 0 _aFolklore
_vCongresses.
655 7 _aElectronic books.
_2local
700 1 _aDundes, Alan.
710 2 _aebrary, Inc.
711 2 _aInternational Congress of Anthropological and Ethnological Sciences
_n(9th :
_d1973 :
_cChicago, Ill.)
856 4 0 _uhttp://site.ebrary.com/lib/rucke/Doc?id=10588188
_zAn electronic book accessible through the World Wide Web; click to view
999 _c103694
_d103694